Hội làng cổ truyền tỉnh Hà Nam
Zapisane w:
| 1. autor: | |
|---|---|
| Format: | Książka |
| Język: | Vietnamese |
| Wydane: |
H.
Văn hoá Thông tin
2014
|
| Etykiety: |
Dodaj etykietę
Nie ma etykietki, Dołącz pierwszą etykiete!
|
| Thư viện lưu trữ: | Mạng thư viện Đại học Đà Nẵng |
|---|
| LEADER | 00996aam a22002778a 4500 | ||
|---|---|---|---|
| 001 | 000020795 | ||
| 003 | 17242 | ||
| 005 | 20150327140307.0 | ||
| 008 | 150327s2014 viesd | ||
| 041 | 0 | |a vie | |
| 082 | 0 | 4 | |2 23 |a 394.26959737 |
| 100 | 1 | |a Lê Hữu Bách | |
| 245 | 1 | 0 | |a Hội làng cổ truyền tỉnh Hà Nam |c Lê Hữu Bách |
| 260 | |a H. |b Văn hoá Thông tin |c 2014 | ||
| 300 | |c 21cm. | ||
| 500 | |a ĐTTS ghi: Hội Văn nghệ dân gian Việt Nam | ||
| 774 | |a Lê Hữu Bách |d Văn hoá Thông tin |d H. |d 2014 |g T.1 |h 487tr. |n ĐTTS ghi: Hội Văn nghệ dân gian Việt Nam |w 621269 | ||
| 774 | |a Lê Hữu Bách |d H. |d Văn hoá Thông tin |d 2014 |g T.1 |h 487 tr. |n ĐTTS ghi: Hội Văn nghệ dân gian Việt Nam |t Hội làng cổ truyền tỉnh Hà Nam |w 17243 | ||
| OWN | |a LSP | ||
| 999 | |a From the UDN01 | ||
| TYP | |a Monograph | ||
| TYP | |a Printed language | ||
| 980 | |a Mạng thư viện Đại học Đà Nẵng | ||